Geografické informační systémy - dveře do informačního věku
Článok podáva informácie o tom, čo je to geografický informačný systém, aké poskytuje prostriedky, čo k svojej práci vyžaduje a charakteristika softwarových produktov dostupných na našom trhu patriacich do tejto skupiny.
Guardado en:
| Autor principal: | |
|---|---|
| Formato: | Capítulo de libro |
| Lenguaje: | checo |
| Materias: | |
| Etiquetas: |
Sin Etiquetas, Sea el primero en etiquetar este registro!
|
MARC
| LEADER | 00000naa a2200000 4500 | ||
|---|---|---|---|
| 001 | r023693 | ||
| 005 | 20221213083145.3 | ||
| 041 | 0 | |a cze | |
| 044 | |a CZ | ||
| 245 | 1 | 0 | |a Geografické informační systémy - dveře do informačního věku |c V. Maršík |
| 520 | |a Článok podáva informácie o tom, čo je to geografický informačný systém, aké poskytuje prostriedky, čo k svojej práci vyžaduje a charakteristika softwarových produktov dostupných na našom trhu patriacich do tejto skupiny. | ||
| 610 | 2 | 0 | |a systémy informačné |
| 610 | 2 | 0 | |a geografia |
| 610 | 2 | 0 | |a softvér |
| 610 | 2 | 0 | |a využitie počítačov |
| 100 | 1 | |a Maršík, V. | |